Maravillas del pasado / (Record no. 35467)

MARC details
000 -LEADER
campo de control de longitud fija 00716nam a2200229 i 4500
001 - NÚMERO DE CONTROL
campo de control 35467
003 - IDENTIFICADOR DE NÚMERO DE CONTROL
campo de control ES-MaACL
005 - FECHA Y HORA DE LA ÚLTIMA TRANSACCIÓN
campo de control 20230906155131.0
007 - CAMPO FIJO DE DESCRIPCIÓN FÍSICA--INFORMACIÓN GENERAL
campo de control de longitud fija t|
008 - DATOS DE LONGITUD FIJA--INFORMACIÓN GENERAL
campo de control de longitud fija 030213s1969 sp ||||1| spa d
080 ## - NÚMERO DE LA CLASIFICACIÓN DECIMAL UNIVERSAL
Número de la Clasificación Decimal Universal 937/38
100 1# - ENTRADA PRINCIPAL--NOMBRE DE PERSONA
Nombre de persona Bosi, Roberto.
9 (RLIN) 30691
245 10 - MENCIÓN DEL TÍTULO
Título Maravillas del pasado /
Mención de responsabilidad, etc. Roberto Bosi ; adaptación de C. y E. Ciccione ; traducción de Fermín Muñoz.
260 ## - PUBLICACIÓN, DISTRIBUCIÓN, ETC.
Lugar de publicación, distribución, etc. Barcelona :
Nombre del editor, distribuidor, etc. Bruguera,
Fecha de publicación, distribución, etc. [1969]
300 ## - DESCRIPCIÓN FÍSICA
Extensión 193 p. :
Otras características físicas il. ;
Dimensiones 28 cm.
650 #4 - PUNTO DE ACCESO ADICIONAL DE MATERIA--TÉRMINO DE MATERIA
Término de materia o nombre geográfico como elemento de entrada Civilización antigua.
9 (RLIN) 141209
650 #4 - PUNTO DE ACCESO ADICIONAL DE MATERIA--TÉRMINO DE MATERIA
Término de materia o nombre geográfico como elemento de entrada Civilización clásica.
9 (RLIN) 139535
700 1# - ENTRADA AGREGADA--NOMBRE PERSONAL
Nombre de persona Ciccione, C.
9 (RLIN) 38746
700 1# - ENTRADA AGREGADA--NOMBRE PERSONAL
Nombre de persona Ciccione, E.
9 (RLIN) 38747
700 1# - ENTRADA AGREGADA--NOMBRE PERSONAL
Nombre de persona Muñoz Pellegero, Fermín.
9 (RLIN) 84471
852 ## - LOCALIZACIÓN
Ubicación ES-MaACL
Número de control de estantería C-37490
Holdings
Estatus retirado Estado de pérdida Estado de daño No para préstamo Biblioteca de origen Biblioteca actual Ubicación en estantería Fecha de adquisición Fuente de adquisición Total de préstamos Signatura topográfica completa Código de barras Visto por última vez Precio de reemplazo Tipo de ítem Koha
        Biblioteca del Ateneo de Madrid Biblioteca del Ateneo de Madrid Depósito 2 17/01/2008     C-37490 1037113 23/02/2023 23/02/2023 Libro impreso